|
|
|
|
| LEADER |
00000nam0a2200000 4500 |
| 001 |
299915 |
| 005 |
20231102001241.0 |
| 035 |
|
|
|a (RuTPU)RU\TPU\book\325068
|
| 090 |
|
|
|a 299915
|
| 100 |
|
|
|a 20150706d1981 km y0rusy50 ca
|
| 101 |
0 |
|
|a rus
|
| 102 |
|
|
|a UA
|
| 105 |
|
|
|a a z 001zy
|
| 200 |
1 |
|
|a Надежность и рабочий процесс транспортного дизеля
|f А. П. Кудряш
|g Академия наук Украинской ССР (АН УССР), Институт проблем машиностроения им. А. Н. Подгорного (ИПМаш)
|
| 210 |
|
|
|a Киев
|c Наукова думка
|d 1981
|
| 215 |
|
|
|a 136 с.
|c ил.
|
| 320 |
|
|
|a Библиогр.: с. 133-135
|
| 606 |
1 |
|
|a Двигатели дизеля
|x Рабочий процесс
|2 stltpush
|3 (RuTPU)RU\TPU\subj\4976
|9 33154
|
| 610 |
1 |
|
|a надежность
|
| 610 |
1 |
|
|a транспортные дизели
|
| 610 |
1 |
|
|a режимы
|
| 610 |
1 |
|
|a качество
|
| 610 |
1 |
|
|a переходные процессы
|
| 610 |
1 |
|
|a эксплуатация
|
| 610 |
1 |
|
|a аналитические зависимости
|
| 675 |
|
|
|a 621.436.01
|v 4
|
| 700 |
|
1 |
|a Кудряш
|b А. П.
|g Анатолий Петрович
|
| 712 |
0 |
2 |
|a Академия наук Украинской ССР (АН УССР)
|b Институт проблем машиностроения им. А. Н. Подгорного (ИПМаш)
|c (Харьков)
|2 stltpush
|3 (RuTPU)RU\TPU\col\11523
|
| 801 |
|
1 |
|a RU
|b 63413507
|c 20150706
|
| 801 |
|
2 |
|a RU
|b 63413507
|c 20190319
|g RCR
|
| 942 |
|
|
|c BK
|